Countries with honey badgers - Statistics

General Stats
  • This quiz has been taken 30 times
  • The average score is 46 of 60
Answer Stats
Answer % Correct
Angola
88%
Dr congo
88%
Eswatini
88%
Mali
88%
Mauritania
88%
Niger
88%
South africa
88%
Botswana
83%
Chad
83%
Djibouti
83%
Eritrea
83%
Ethiopia
83%
India
83%
Kenya
83%
Malawi
83%
Mozambique
83%
Nigeria
83%
Somalia
83%
Tanzania
83%
Zambia
83%
Zimbabwe
83%
Algeria
79%
Burkina faso
79%
Burundi
79%
Guinea
79%
Guinea-bissau
79%
Iran
79%
Iraq
79%
Liberia
79%
Morocco
79%
Namibia
79%
Rwanda
79%
Sudan
79%
Benin
75%
Central african republic
75%
Gambia
75%
Ghana
75%
Nepal
75%
Oman
75%
Pakistan
75%
Senegal
75%
Togo
75%
Uganda
75%
Yemen
75%
Equatorial guinea
71%
Gabon
71%
Israel
71%
Saudi arabia
71%
Cameroon
67%
Congo
67%
Ivory Coast
67%
Jordan
67%
Lebanon
67%
Qatar
67%
Sierra leone
67%
Turkmenistan
67%
Kazakhstan
63%
Kuwait
63%
United arab emirates
63%
Uzbekistan
63%
No matching quizzes found
Score Distribution
Percent of People with Each Score
Percentile by Number Answered
Your Score History
You have not taken this quiz